| 000 | 00000nam##2200000za#4500 |
| 001 | 9.695902 |
| 003 | CaOODSP |
| 005 | 20210624234805 |
| 007 | cr ||||||||||| |
| 008 | 150407|2000||||xxc|||||o f|0| 0 eng|d |
| 040 | |aCaOODSP|beng |
| 043 | |an-cn--- |
| 086 | 1 |aSC94-80/2001E-PDF |
| 110 | 1 |aCanada.|bCanadian Centre for Management Development. |
| 245 | 10|aHorizontality and public management : |h[electronic resource]|bfinal report to the Canadian Centre for Management Development, the Leadership Network, the Federal Regional Council - Quebec and the École nationale d'administration publique / |c[by] Jacques Bourgault and René Lapierre. |
| 260 | |aOttawa - Ontario : |bCanadian Centre for Management Development |cDecember 2000. |
| 300 | |a42p.|bglossary, table |
| 500 | |aThe catalogue number (SC94-80/2001) and ISBN (0-662-65464-1) for the bilingual print edition have been incorrectly copied in this electronic publication. |
| 504 | |aBibliography. |
| 590 | |a12-16-Supp|b2012-04-17 |
| 690 | 07|aManagement|2gcpds |
| 690 | 07|aPublic service|2gcpds |
| 720 | 1 |aBourgault, Jacques |
| 720 | 1 |aLapierre, René |
| 775 | 08|tHorizontalité et gestion publique : |w(CaOODSP)9.640022 |
| 776 | 0#|tHorizontality and public management : |w(CaOODSP)9.662485 |
| 776 | 0#|tHorizontalité et gestion publique : |w(CaOODSP)9.662486 |
| 856 | 40|ahttp://publications.gc.ca|qPDF|s93 KB|uhttps://publications.gc.ca/collections/Collection/SC94-80-2001E.pdf |